Statistics for Greatest 3-Year Stretches in MLB Baseball History

Click here to take the quiz!

General Stats

  • This quiz has been taken 9,772 times
    (3,483 since last reset)
  • The average score is 16 of 26

Answer Stats

WARYearsTeamPositionPlayer% Correct
34.01926–1928YankeesOFBabe Ruth
99%
32.92001–2003GiantsOFBarry Bonds
89%
28.22000–2002DiamondbacksPRandy Johnson
82%
32.01955–1957YankeesOFMickey Mantle
81%
28.02012–2014AngelsOFMike Trout
81%
27.52000–2002Mariners / RangersSSAlex Rodriguez
78%
28.52021–2023AngelsP / DHShohei Ohtani
78%
32.81963–1965GiantsOFWillie Mays
77%
28.81927–1929Yankees1BLou Gehrig
76%
29.31946–1948Red SoxOFTed Williams
74%
27.62007–2009Cardinals1BAlbert Pujols
73%
27.01961–1963BravesOFHank Aaron
73%
28.51998–2000Red SoxPPedro Martinez
69%
33.31968–1970CardinalsPBob Gibson
62%
28.21996–1998Red Sox / Blue JaysPRoger Clemens
61%
27.71948–1950CardinalsOFStan Musial
60%
28.41966–1968Red SoxOFCarl Yastrzemski
57%
27.41958–1960CubsSSErnie Banks
55%
27.51971–1973MetsPTom Seaver
55%
29.21974–1976Reds2BJoe Morgan
48%
28.71932–1934A's1BJimmie Foxx
38%
30.41920–1922Cardinals2BRogers Hornsby
36%
29.81944–1946TigersPHal Newhouser
19%
28.51935–1937Red SoxPLefty Grove
18%
27.71972–1974IndiansPGaylord Perry
17%
28.81971–1973White SoxPWilbur Wood
14%

Score Distribution

Percentile by Number Answered

Percent of People with Each Score

Your Score History

You have not taken this quiz since the last reset